000 00679cam a2200193 a 4500
001 000019206
005 20200929165942.0
008 860204s1969 it a 000 0 ita d
040 _aDO-SdBNP
_bspa
_dBNPHU
082 _a940
_bC368n
100 1 _aCatti De Gasperi, Maria Romana.
_941324
245 1 3 _aLa nostra patria Europa. :
_bcon 15 tavole e 7 documenti in fac-simile fuori testo /
_cMaria Ramona Catti De Gasperi.
260 _a[Milano] :
_bArnoldo Mondadori Editore,
_c1969.
300 _a143, [20] p. :
_bil. ;
_c21 cm.
490 1 _aLe Scie
651 4 _aEuropa
_xHistoria
_941325
600 1 4 _aCATTI DE GASPERI, MARIA ROMANA
_d1881-1954.
_941326
830 0 _aLe Scie
_939683
999 _c18724
_d18724